| 000 | 00833nam a22001937a 4500 | ||
|---|---|---|---|
| 003 | UA-OsUOA | ||
| 001 | 44020 | ||
| 007 | ta | ||
| 008 | 20091223b un ||||| |||| 00| 0 ukr d | ||
| 090 |
_a050 _bС25 |
||
| 942 | _cNP | ||
| 040 |
_aUA-OsUOA _bukr _cUA-OsUOA _dUA-OsUOA |
||
| 245 |
_aСвобода _b2009: 16 січня Ч.3; 23 січня Ч.4; 30 січня Ч.5; 6 лютого Ч.6; 13 лютого Ч.7; 20 лютого Ч.8; 27 лютого Ч.9; 6 березня Ч.10; 13 березня Ч.11; 20 березня Ч.12; 27 березня Ч.13; 3 квітня Ч.14; |
||
| 955 | _a4 | ||
| 041 | _aukr | ||
| 080 | _a050 | ||
| 650 | 7 |
_a050 Серійні публікації. Періодика галузі, Організація та інші типи поєднання (співробітництва) _2UDC |
|
| 999 |
_c423868 _d423868 |
||